| 000 | 02220nam a22003617a 4500 | ||
|---|---|---|---|
| 001 | 100879 | ||
| 003 | KnowledgeUnlatched | ||
| 005 | 20210303105338.0 | ||
| 006 | m o d | ||
| 007 | cr u|||||||||| | ||
| 008 | 210129p20102018enk o u00| u eng d | ||
| 035 | _a(OCoLC)956655023 | ||
| 037 | _5BiblioBoard | ||
| 245 | 0 | 0 |
_aTheories of Social Capital _bResearchers Behaving Badly / _cBen Fine. |
| 020 | _a9781849644426 | ||
| 029 | 1 | _ahttps://library.biblioboard.com/ext/api/media/2f72138e-9cd3-4390-8013-152179557111/assets/thumbnail.jpg | |
| 040 |
_aScCtBLL _cScCtBLL |
||
| 100 | 1 |
_aFine, Ben _eauthor. |
|
| 264 | 1 | _bPluto Press, | |
| 300 | _a1 online resource. | ||
| 506 | 0 |
_aAccess copy available to the general public. _fUnrestricted _2star |
|
| 520 | _aTracing the evolution of social capital since his highly acclaimed contribution of 2001 (Social Capital Versus Social Theory), Ben Fine consolidates his position as the world's leading critic of the concept. Fine forcibly demonstrates how social capital has expanded across the social sciences only by degrading the different disciplines and topics that it touches: a McDonaldisation of social theory. The rise and fall of social capital at the World Bank is critically explained as is social capital's growing presence in disciplines, such as management studies, and its relative absence in others, such as social history. Writing with a sharp critical edge, Fine not only deconstructs the roller-coaster presence of social capital across the social sciences but also draws out lessons on how (and how not) to do research. | ||
| 588 | 0 | _aDescription based on print version record. | |
| 590 | _aKU Select 2017: Backlist Collection | ||
| 650 | 7 |
_aBusiness & Economics _2bisacsh |
|
| 650 | 0 | _aEconomics | |
| 655 | 0 | _aElectronic books. | |
| 758 |
_iIs found in: _aKnowledge Unlatched _1https://openresearchlibrary.org/module/2774bc74-146a-484f-a7ba-ab1d6a09bbfb |
||
| 856 | 4 | 0 |
_uhttps://openresearchlibrary.org/content/2f72138e-9cd3-4390-8013-152179557111 _zView this content on Open Research Library. _70 |
| 999 |
_c34191 _d34191 |
||